[Event "XXVIII C.to Italiano a squadre"]
[Site "ITA"]
[Date "1996.??.??"]
[Round "5"]
[White "Vezzosi, Paolo"]
[Black "Djuric, Stefan"]
[WhiteElo "2310"]
[BlackElo "2515"]
[Result "1/2-1/2"]
[PlyCount "117"]
[EventDate "1996.02.25"]

1. e4 c5 2. Nf3 e6 3. d4 cxd4 4. Nxd4 a6 5. Bd3 Nf6 6. O-O d6 7. c4 g6 8. Nc3
Bg7 9. Bg5 O-O 10. Qd2 Nbd7 11. Rad1 Qc7 12. Nf3 Nb6 13. b3 Ng4 14. h3 Ne5 15.
Nxe5 Bxe5 16. f4 Bd4+ 17. Kh1 f5 18. Ne2 Bg7 19. Bb1 d5 20. exf5 exf5 21. cxd5
Qd6 22. Bc2 Bd7 23. Nc3 Rfe8 24. Rf3 Rac8 25. Na4 Na8 26. b4 Bb5 27. Rf2 Rc4
28. Bb3 Rxb4 29. Qc2 Rd4 30. Rfd2 Rxd2 31. Qxd2 h6 32. Bh4 Re2 33. Qc1 Kh7 34.
Nc3 Re8 35. Nxb5 axb5 36. Bf2 Nb6 37. Bc5 Qd8 38. d6 Nd7 39. Bb4 Re4 40. Qc7
Qe8 41. a3 Rxf4 42. Re1 Re4 43. Rxe4 fxe4 44. Qxb7 Qf8 45. Qxb5 Qf2 46. Qc4 h5
47. Qxe4 Qf1+ 48. Kh2 Be5+ 49. g3 Qf2+ 50. Qg2 Bxg3+ 51. Kh1 Qe3 52. Bc4 Bf4
53. Bb5 Ne5 54. d7 Qd4 55. Qe2 h4 56. Bc5 Qd5+ 57. Qg2 Qd1+ 58. Bg1 Nxd7 59.
Qb7 1/2-1/2

[Event "XXVIII C.to Italiano a squadre"]
[Site "ITA"]
[Date "1996.??.??"]
[Round "6"]
[White "Corvi, Marco"]
[Black "Arlandi, Ennio"]
[WhiteElo "2215"]
[BlackElo "2455"]
[Result "0-1"]
[PlyCount "88"]
[EventDate "1996.02.25"]

1. c4 e5 2. Nc3 Nf6 3. g3 d5 4. cxd5 Nxd5 5. Bg2 Nb6 6. Nf3 Nc6 7. O-O Be7 8.
d3 O-O 9. a3 Be6 10. b4 f6 11. Bb2 a5 12. b5 Nd4 13. Nxd4 exd4 14. Na4 Bd5 15.
Bh3 Bf7 16. Re1 Re8 17. Rc1 Rb8 18. Nxb6 cxb6 19. e4 dxe3 20. fxe3 Qd5 21. a4
Bc5 22. d4 Bb4 23. Bc3 Ba3 24. Ra1 Bd6 25. Bg2 Qc4 26. Rc1 Qb3 27. e4 Qxd1 28.
Rcxd1 Rbc8 29. e5 Be7 30. Ba1 Bb4 31. Bxb7 Bxe1 32. Bxc8 Rxc8 33. Rxe1 Bd5 34.
Kf2 Kf7 35. Bb2 Rc4 36. exf6 gxf6 37. Ba3 Rxa4 38. Re7+ Kg6 39. Bd6 Ra2+ 40.
Ke3 Rb2 41. Bc7 a4 42. g4 a3 43. h4 a2 44. Bf4 h5 0-1

[Event "XXVIII C.to Italiano a squadre"]
[Site "ITA"]
[Date "1996.??.??"]
[Round "6"]
[White "Gervasi, Giancarlo"]
[Black "D'Amore, Carlo"]
[WhiteElo "2325"]
[BlackElo "2460"]
[Result "0-1"]
[PlyCount "105"]
[EventDate "1996.02.25"]

1. e4 g6 2. d4 Bg7 3. Nc3 d6 4. Nf3 a6 5. h3 b5 6. Bd3 c5 7. dxc5 dxc5 8. Bf4
Nc6 9. e5 Bf5 10. Be4 Qxd1+ 11. Rxd1 Rc8 12. g4 Bxe4 13. Nxe4 Nd8 14. Ke2 Ne6
15. Be3 f5 16. gxf5 gxf5 17. Neg5 Nf8 18. h4 Nh6 19. Rd5 Ng4 20. Rhd1 h6 21.
Nh3 Ne6 22. Nf4 Kf7 23. c3 Rhe8 24. Nd3 Red8 25. Rxd8 Rxd8 26. Bxc5 Rxd3 27.
Rxd3 Nxc5 28. Rd8 Nxe5 29. Nd4 f4 30. Ra8 Nc4 31. Nb3 Ne6 32. Rxa6 Nxb2 33. Ra5
Na4 34. c4 bxc4 35. Rxa4 cxb3 36. axb3 Nd4+ 37. Kd3 Nxb3 38. Rxf4+ Bf6 39. h5
Nc5+ 40. Ke3 Ne6 41. Rf3 Ng7 42. Rh3 Ke6 43. Kf4 Be5+ 44. Kg4 Ne8 45. Rh1 Nf6+
46. Kf3 Kf5 47. Rf1 Bf4 48. Rh1 e5 49. Rh3 Kg5 50. Rh1 Nxh5 51. Rg1+ Kf5 52.
Rh1 Nf6 53. Rh5+ 0-1

[Event "XXVIII C.to Italiano a squadre"]
[Site "ITA"]
[Date "1996.??.??"]
[Round "6"]
[White "Marinelli, Tullio"]
[Black "Castelfranchi, Carlo"]
[WhiteElo "2415"]
[BlackElo "2270"]
[Result "1-0"]
[PlyCount "117"]
[EventDate "1996.02.25"]

1. d4 Nf6 2. c4 g6 3. Nc3 d5 4. Nf3 Bg7 5. Qb3 dxc4 6. Qxc4 O-O 7. e4 a6 8. Qb3
b5 9. e5 Ng4 10. h3 Nh6 11. Bf4 Bb7 12. Be2 Nf5 13. Rd1 c5 14. dxc5 Qc8 15. O-O
Nd7 16. Nd5 Nxc5 17. Qa3 Bxd5 18. Rxd5 Ne6 19. Bh2 Rd8 20. Rxd8+ Qxd8 21. Rd1
Qb6 22. Bf1 Bf8 23. Qc3 Rd8 24. Rxd8 Nxd8 25. g4 Ng7 26. Bf4 Nge6 27. Be3 Qc6
28. Nd4 Qxc3 29. bxc3 Nxd4 30. Bxd4 Nc6 31. f4 Nxd4 32. cxd4 e6 33. Kf2 Ba3 34.
Ke3 Kf8 35. Ke4 Ke7 36. f5 Bb2 37. f6+ Kd7 38. d5 exd5+ 39. Kxd5 Ba3 40. Bd3 h6
41. h4 Ke8 42. Be4 Kf8 43. e6 fxe6+ 44. Kxe6 g5 45. h5 a5 46. Kf5 a4 47. Bc6
Bb2 48. Bxb5 a3 49. Kg6 Bc3 50. Bc4 Bb2 51. f7 Bg7 52. Bb3 Bf6 53. Kxh6 Bg7+
54. Kg6 Bf6 55. h6 Bh8 56. Kxg5 Bf6+ 57. Kf5 Bh8 58. g5 Bf6 59. g6 1-0

[Event "XXVIII C.to Italiano a squadre"]
[Site "ITA"]
[Date "1996.??.??"]
[Round "6"]
[White "Steinfl, Alessandro"]
[Black "Tassi, Oliviero"]
[WhiteElo "2255"]
[BlackElo "2315"]
[Result "1-0"]
[PlyCount "71"]
[EventDate "1996.02.25"]

1. d4 Nf6 2. Nf3 c5 3. c3 b6 4. e3 e6 5. Bd3 Ba6 6. Bxa6 Nxa6 7. O-O Qc7 8. e4
cxd4 9. cxd4 Nb4 10. Nc3 d5 11. a3 dxe4 12. axb4 exf3 13. Qxf3 Rd8 14. Bg5 Bxb4
15. Bxf6 gxf6 16. Qxf6 O-O 17. Rfe1 Be7 18. Qh6 Rxd4 19. Ne4 Qe5 20. Ra3 f5 21.
f4 Bxa3 22. fxe5 Rxe4 23. Qxe6+ Kh8 24. Rxe4 Bc5+ 25. Rd4 Bxd4+ 26. Kf1 Bxb2
27. Qe7 Kg8 28. h4 Rf7 29. Qg5+ Kf8 30. Qd8+ Kg7 31. e6 Bf6 32. Qd5 Re7 33.
Qxf5 a5 34. h5 Bb2 35. h6+ Kg8 36. Qg4+ 1-0

[Event "VII Festival Angelo Palmiotto A"]
[Site "Bologna ITA"]
[Date "1996.01.??"]
[Round "?"]
[White "Efimov, Igor"]
[Black "Calavalle, Giulio"]
[Result "1-0"]
[WhiteElo "2455"]
[BlackElo "2116"]
[PlyCount "59"]
[EventDate "1996.01.06"]

1. d4 f5 2. g3 g6 3. Bg2 Nf6 4. Nf3 Bg7 5. O-O O-O 6. c4 c6 7. b3 d6 8. Bb2 Qe8
9. Nbd2 Nbd7 10. Re1 h6 11. e4 fxe4 12. Nxe4 Nxe4 13. Rxe4 Nf6 14. Re3 Qf7 15.
Qe2 e5 16. dxe5 Ng4 17. e6 Bxe6 18. Rxe6 Bxb2 19. Re1 Ne5 20. Rxd6 Nxf3+ 21.
Bxf3 Bc3 22. Be4 Bxe1 23. Rxg6+ Qxg6 24. Bxg6 Bxf2+ 25. Kg2 Rf6 26. Bh5 Raf8
27. Qe7 b5 28. c5 a5 29. Kh3 Kh8 30. Bg6 1-0

[Event "VII Festival Angelo Palmiotto A"]
[Site "Bologna ITA"]
[Date "1996.01.??"]
[Round "?"]
[White "Efimov, Igor"]
[Black "Campini, Marco"]
[Result "1/2-1/2"]
[WhiteElo "2455"]
[BlackElo "2111"]
[PlyCount "59"]
[EventDate "1996.01.06"]

1. d4 d5 2. Nf3 e6 3. g3 b6 4. Bg2 Bb7 5. O-O Nd7 6. c4 Ngf6 7. Nc3 Be7 8. Qa4
O-O 9. Ne5 c6 10. Nxc6 Bxc6 11. Qxc6 Rc8 12. Qa4 Rxc4 13. Qd1 Bb4 14. Nb1 Qc7
15. a3 Bd6 16. Nc3 Rc8 17. Qd3 a6 18. Bd2 b5 19. Rfe1 Qd8 20. e4 dxe4 21. Nxe4
Be7 22. Ng5 Nc5 23. Qe3 Rxd4 24. Ba5 Qd7 25. Nf3 Re4 26. Qd2 Rxe1+ 27. Rxe1 Nd3
28. Re2 Nc1 29. Re1 Nd3 30. Re2 1/2-1/2

[Event "VII Festival Angelo Palmiotto A"]
[Site "Bologna ITA"]
[Date "1996.01.??"]
[Round "?"]
[White "Mauro, Alan"]
[Black "Efimov, Igor"]
[Result "0-1"]
[WhiteElo "2315"]
[BlackElo "2455"]
[PlyCount "38"]
[EventDate "1996.01.06"]

1. e4 c5 2. Nf3 Nc6 3. d4 cxd4 4. Nxd4 e5 5. Nxc6 bxc6 6. Bd3 Ne7 7. O-O Ng6 8.
Qh5 Be7 9. Nd2 d6 10. Nf3 h6 11. h3 Nf4 12. Bxf4 g6 13. Qxh6 Rxh6 14. Bxh6 g5
15. b4 Be6 16. Nh2 Kd7 17. b5 Qh8 18. bxc6+ Kxc6 19. Rab1 Qxh6 0-1

[Event "VII Festival Angelo Palmiotto A"]
[Site "Bologna ITA"]
[Date "1996.01.??"]
[Round "?"]
[White "Mola, Pietro"]
[Black "Calavalle, Giulio"]
[Result "1-0"]
[WhiteElo "2170"]
[BlackElo "2116"]
[PlyCount "75"]
[EventDate "1996.01.06"]

1. e4 c5 2. Nf3 Nc6 3. Bb5 d6 4. O-O Bd7 5. Re1 g6 6. c3 Bg7 7. d4 cxd4 8. cxd4
Qb6 9. Nc3 Nf6 10. e5 dxe5 11. Nxe5 Qxd4 12. Nxd7 Nxd7 13. Bg5 e6 14. Nd5 Rc8
15. Nc3 O-O 16. Qxd4 Bxd4 17. Rad1 Ndb8 18. Re2 a6 19. Ba4 Bg7 20. Ne4 f6 21.
Be3 Na5 22. Nd6 f5 23. Nxc8 Rxc8 24. b4 Nac6 25. Bb3 Kf7 26. Bb6 Ne5 27. f4 Rc6
28. Bc5 b6 29. Bd6 Ned7 30. Bxe6+ Kf6 31. Bb3 Bf8 32. Re6+ Kg7 33. Bxf8+ Nxf8
34. Re7+ Kh6 35. Rd8 Rc1+ 36. Kf2 Nc6 37. Rc8 Nxb4 38. Rxf8 1-0

[Event "C.to Provinciale CO"]
[Site "Cantu' ITA"]
[Date "1996.01.19"]
[Round "2"]
[White "Coppola, Guido"]
[Black "Corti, Corrado"]
[Result "1-0"]
[WhiteElo "1767"]
[BlackElo "1660"]
[PlyCount "111"]
[EventDate "1996.01.12"]

1. e4 e5 2. Nf3 Nc6 3. d4 exd4 4. Bc4 Be7 5. O-O d6 6. Nxd4 Nf6 7. Nc3 Nxd4 8.
Qxd4 O-O 9. Bg5 h6 10. Bh4 Be6 11. Rad1 Nd7 12. Bxe7 Qxe7 13. f4 Bxc4 14. Qxc4
Nb6 15. Qd4 a6 16. Rd3 f5 17. Re3 Rae8 18. Nd5 Nxd5 19. Qxd5+ Qf7 20. Qxb7 Rb8
21. Qc6 Rxb2 22. a4 Qa2 23. Re2 fxe4 24. Qxe4 Rfb8 25. Qc6 R2b4 26. Qxc7 Rb1
27. Re7 Qb2 28. Qc4+ Kh8 29. Rfe1 Qf6 30. R7e2 d5 31. Qxd5 Qxf4 32. Qe4 Qxe4
33. Rxe4 Rxe1+ 34. Rxe1 Rb4 35. Rc1 Rxa4 36. c4 Rb4 37. c5 Rb8 38. Kf2 Kg8 39.
Ke3 Kf7 40. Kd4 Ke6 41. Kc4 Rf8 42. Rd1 Rf4+ 43. Kc3 Rf5 44. Rd6+ Ke7 45. Kb4
Rf6 46. Rb6 Rf4+ 47. Kc3 Rg4 48. Rb2 a5 49. Rd2 Rg6 50. Kc4 Rc6 51. Kb5 Rc8 52.
c6 Ke6 53. Kb6 Rb8+ 54. Kxa5 Rb1 55. c7 Rc1 56. Kb6 1-0

[Event "C.to Provinciale CO"]
[Site "Cantu' ITA"]
[Date "1996.01.19"]
[Round "2"]
[White "Revinelli, Sergio"]
[Black "Zuccoli, Maurizio"]
[Result "1/2-1/2"]
[WhiteElo "1630"]
[BlackElo "1645"]
[PlyCount "44"]
[EventDate "1996.01.12"]

1. e4 c5 2. Nf3 d6 3. d4 cxd4 4. Nxd4 Nf6 5. Nc3 a6 6. Be2 Qc7 7. O-O e6 8. Be3
Be7 9. f4 b5 10. Bf3 Bb7 11. e5 dxe5 12. Bxb7 Qxb7 13. fxe5 Nd5 14. Qf3 O-O 15.
Nxd5 Qxd5 16. Qxd5 exd5 17. Rad1 Rd8 18. Rd2 Bc5 19. Nf5 Bxe3+ 20. Nxe3 Nc6 21.
Nxd5 Nxe5 22. Rfd1 Kf8 1/2-1/2

[Event "C.to Provinciale CO"]
[Site "Cantu' ITA"]
[Date "1996.01.26"]
[Round "3"]
[White "Corti, Corrado"]
[Black "Curioni, Franco"]
[Result "1-0"]
[WhiteElo "1660"]
[BlackElo "1546"]
[PlyCount "65"]
[EventDate "1996.01.12"]

1. d4 e5 2. d5 Bc5 3. c4 Qh4 4. e3 d6 5. Nf3 Qg4 6. h3 Qh5 7. Nc3 Bg4 8. Be2
Bxf3 9. Bxf3 Qh4 10. Ne4 Bb4+ 11. Bd2 Bxd2+ 12. Qxd2 f5 13. g3 Qe7 14. Nc3 e4
15. Bh5+ g6 16. Bd1 a6 17. Ba4+ Nd7 18. Bxd7+ Qxd7 19. Qd4 Nf6 20. Qxf6 Rf8 21.
Qe6+ Qxe6 22. dxe6 c6 23. O-O-O Ke7 24. c5 d5 25. Rd4 Kxe6 26. Rb4 Rf7 27. Rd1
Rd8 28. Rb6 Rfd7 29. Ne2 g5 30. Rd4 h5 31. Rdb4 Rb8 32. Nd4+ Kf7 33. Nxc6 1-0

[Event "C.to Provinciale CO"]
[Site "Cantu' ITA"]
[Date "1996.02.09"]
[Round "4"]
[White "Corti, Corrado"]
[Black "Bevilacqua, Roberto"]
[Result "1-0"]
[WhiteElo "1660"]
[BlackElo "2018"]
[PlyCount "117"]
[EventDate "1996.01.12"]

1. d4 d5 2. c4 e5 3. dxe5 d4 4. Nf3 Nc6 5. Nbd2 Bg4 6. a3 Qe7 7. Qa4 O-O-O 8.
g3 Kb8 9. Bg2 Nxe5 10. O-O f6 11. b4 h5 12. Bb2 Bxf3 13. Nxf3 Qe8 14. Qc2 c5
15. bxc5 Bxc5 16. Rab1 Nc6 17. Rfd1 h4 18. Nxh4 Nge7 19. Bxc6 Nxc6 20. Kg2 g5
21. Nf5 Qh5 22. h4 Rdg8 23. Rh1 gxh4 24. Rxh4 Qg5 25. Rxh8 Rxh8 26. Bc1 Qg6 27.
Rxb7+ Ka8 28. Rg7 Qh5 29. Nh4 Qe8 30. Qf5 Qe5 31. Qf3 Rc8 32. Bf4 Qe6 33. Qb3
Qe4+ 34. Nf3 Ne5 35. Bxe5 fxe5 36. Qb5 Qc6 37. Qxc6+ Rxc6 38. Nxe5 Ra6 39. Nd3
Bxa3 40. Rd7 Rd6 41. Rxd6 Bxd6 42. Nc1 Kb7 43. Kf3 Kc6 44. Nb3 Bb4 45. Ke4 Be1
46. f3 Bxg3 47. Kxd4 Bf2+ 48. Kc3 Be1+ 49. Kc2 a5 50. Nc1 Bf2 51. Kb3 Be3 52.
Nd3 Bd2 53. Ka4 Bc3 54. e4 Bd2 55. f4 Bc3 56. e5 Bd2 57. f5 Kd7 58. Kb5 Ke7 59.
c5 1-0

[Event "C.to Provinciale CO"]
[Site "Cantu' ITA"]
[Date "1996.02.16"]
[Round "5"]
[White "Napoli, Ferdinando"]
[Black "Corti, Corrado"]
[Result "0-1"]
[WhiteElo "1603"]
[BlackElo "1660"]
[PlyCount "82"]
[EventDate "1996.01.12"]

1. e4 e5 2. Nf3 Nc6 3. Bb5 a6 4. Ba4 Nf6 5. O-O b5 6. Bb3 Be7 7. Re1 O-O 8. c3
d6 9. h3 Bb7 10. d4 exd4 11. cxd4 Nd7 12. Nbd2 h6 13. Nf1 Na5 14. Bc2 c5 15.
Ng3 cxd4 16. Nf5 Ne5 17. Nxe5 dxe5 18. Qg4 g6 19. Bxh6 Bc8 20. Nxe7+ Qxe7 21.
Bxf8 Kxf8 22. Qe2 Kg7 23. Bd3 Be6 24. a4 Nb3 25. Ra3 b4 26. Rxb3 Bxb3 27. a5
Qg5 28. Bxa6 Be6 29. Kf1 Qh4 30. Kg1 Qf6 31. Ra1 Bxh3 32. gxh3 Rxa6 33. Qd3
Qg5+ 34. Kf1 Rf6 35. Ke2 Qh5+ 36. f3 Qxh3 37. Rf1 Rc6 38. a6 Rc7 39. Rf2 Qc8
40. Rf1 Rc2+ 41. Ke1 Rxb2 0-1

[Event "C.to Provinciale CO"]
[Site "Cantu' ITA"]
[Date "1996.02.23"]
[Round "8"]
[White "Rossi, Giampiero"]
[Black "Zuccoli, Maurizio"]
[Result "1-0"]
[WhiteElo "2130"]
[BlackElo "1645"]
[PlyCount "67"]
[EventDate "1996.01.12"]

1. d4 d5 2. c4 e6 3. Nc3 Nf6 4. cxd5 exd5 5. Bg5 Be7 6. e3 Bf5 7. Bxf6 Bxf6 8.
Qb3 Nd7 9. Qxd5 Be6 10. Qxb7 Rb8 11. Qxa7 Rxb2 12. Bb5 Bh4 13. Nge2 O-O 14. O-O
Qg5 15. Bxd7 Bxd7 16. Qxc7 Be6 17. Nf4 Bxf2+ 18. Rxf2 Rxf2 19. Kxf2 Rc8 20.
Nxe6 Qf6+ 21. Qf4 Qxe6 22. Ne2 h6 23. Rc1 Re8 24. Rb1 Qc8 25. Rb2 Kh7 26. Rb5
Qa8 27. Qf5+ Kh8 28. Qd5 Qa3 29. Qb3 Qd6 30. g3 Qf6+ 31. Nf4 g5 32. Rb8 Rxb8
33. Qxb8+ Kg7 34. Qe5 1-0

[Event "III Festival A"]
[Site "Verona ITA"]
[Date "1996.01.??"]
[Round "1"]
[White "Leoncini, Mario"]
[Black "Nurkic, Sahbaz"]
[Result "1/2-1/2"]
[WhiteElo "2195"]
[BlackElo "2365"]
[PlyCount "142"]
[EventDate "1996.01.02"]

1. e4 g6 2. d4 Bg7 3. c3 d5 4. e5 c5 5. Nf3 Nc6 6. h3 Nh6 7. Bf4 cxd4 8. cxd4
f6 9. Nc3 Nf7 10. exf6 Bxf6 11. Qd2 O-O 12. Be2 a6 13. O-O b5 14. Rac1 Bb7 15.
Rfe1 Re8 16. Rcd1 e6 17. Bf1 Qb6 18. Bh2 Bg7 19. Qf4 Nxd4 20. Nxd4 e5 21. Qe3
Red8 22. Nce2 exd4 23. Nxd4 Bf6 24. Ne6 Qxe3 25. Rxe3 Re8 26. Nc5 Rxe3 27. fxe3
Bc6 28. b3 a5 29. g4 Re8 30. Bg2 Rxe3 31. Bxd5 Bxd5 32. Rxd5 Re2 33. Bf4 Rxa2
34. Nd7 Bc3 35. Rxb5 Kg7 36. Kh1 Rf2 37. Be3 Rf3 38. Bc5 Rxh3+ 39. Kg2 Rd3 40.
Bf8+ Kg8 41. Rb8 Rxd7 42. Bb4+ Nd8 43. Bxc3 Kf7 44. Bxa5 Nc6 45. Rb5 Rd4 46.
Kh3 Rd3+ 47. Kg2 Ke6 48. b4 Ne5 49. Rb6+ Kd5 50. Rb7 Ra3 51. Rxh7 Nxg4 52. Rg7
Ne3+ 53. Kg1 Ke4 54. Rxg6 Ra1+ 55. Kf2 Ra2+ 56. Ke1 Nc2+ 57. Kf1 Ne3+ 58. Ke1
Ng2+ 59. Kd1 Nf4 60. Rg8 Nd5 61. Re8+ Kd3 62. Ke1 Rb2 63. Rd8 Ke4 64. Re8+ Kf3
65. Rf8+ Ke4 66. Re8+ Kd3 67. Rd8 Re2+ 68. Kf1 Re5 69. Kf2 Rf5+ 70. Ke1 Kc4 71.
Rc8+ Kd4 1/2-1/2

[Event "III Festival A"]
[Site "Verona ITA"]
[Date "1996.01.??"]
[Round "1"]
[White "Medancic, Rikard"]
[Black "Stantic, Severino"]
[Result "0-1"]
[WhiteElo "2340"]
[BlackElo "2030"]
[PlyCount "62"]
[EventDate "1996.01.02"]

1. d4 Nf6 2. c4 e6 3. Nc3 d5 4. Bg5 Nbd7 5. cxd5 exd5 6. e3 c6 7. Bd3 Be7 8.
Nge2 O-O 9. Qc2 Re8 10. O-O Nf8 11. f3 Nh5 12. Bxe7 Qxe7 13. e4 dxe4 14. fxe4
Be6 15. Rae1 Rad8 16. a3 c5 17. Bb5 cxd4 18. Nd5 Bxd5 19. Bxe8 Rxe8 20. exd5
Qe3+ 21. Kh1 d3 22. Qc7 Nf6 23. Ng1 Qxe1 24. Rxe1 Rxe1 25. Qc3 Rd1 26. h3 Ne4
27. Qd4 Re1 28. d6 Nd7 29. Qxa7 d2 30. Qa8+ Nf8 31. d7 d1=Q 0-1

[Event "III Festival A"]
[Site "Verona ITA"]
[Date "1996.01.??"]
[Round "3"]
[White "Leoncini, Mario"]
[Black "Popa, Florin"]
[Result "1-0"]
[WhiteElo "2195"]
[BlackElo "2205"]
[PlyCount "58"]
[EventDate "1996.01.02"]

1. e4 e5 2. Nf3 Nc6 3. Bb5 a6 4. Ba4 Nf6 5. Qe2 b5 6. Bb3 Bc5 7. c3 O-O 8. d3
d6 9. h3 Be6 10. Nbd2 Nh5 11. Nf1 Bxb3 12. axb3 d5 13. g4 Nf4 14. Bxf4 exf4 15.
N3d2 dxe4 16. Nxe4 Re8 17. O-O-O Bf8 18. Qd2 b4 19. Qxf4 bxc3 20. bxc3 Qe7 21.
Kc2 a5 22. Ra1 Reb8 23. Ne3 Qe6 24. Nc4 Rb7 25. Qf5 Qxf5 26. gxf5 Rab8 27. Rhb1
f6 28. Nxa5 Nxa5 29. Rxa5 Rb5 1-0

[Event "III Festival A"]
[Site "Verona ITA"]
[Date "1996.01.??"]
[Round "4"]
[White "Komarov, Dimitri"]
[Black "Mrdja, Milan"]
[Result "1-0"]
[WhiteElo "2530"]
[BlackElo "2450"]
[PlyCount "73"]
[EventDate "1996.01.02"]

1. d4 Nf6 2. Nf3 g6 3. c4 Bg7 4. Nc3 d5 5. cxd5 Nxd5 6. e4 Nxc3 7. bxc3 c5 8.
Rb1 O-O 9. Be2 cxd4 10. cxd4 Qa5+ 11. Bd2 Qxa2 12. O-O b6 13. Qc1 Bb7 14. Bc4
Qa4 15. Bb5 Qa2 16. Re1 Rc8 17. Qd1 e6 18. h4 Nc6 19. Re2 a6 20. Ba4 b5 21. Ra1
Qb2 22. Be1 Qxe2 23. Qxe2 bxa4 24. Rxa4 a5 25. h5 Ba6 26. Qe3 Bb5 27. Ra1 Nb4
28. Bxb4 axb4 29. Rb1 Bf8 30. Ne5 Be7 31. Qf4 Rf8 32. Ng4 f5 33. Qc7 Rae8 34.
Ne5 fxe4 35. hxg6 Bd3 36. gxh7+ Kh8 37. Ng6 1-0

[Event "III Festival A"]
[Site "Verona ITA"]
[Date "1996.01.??"]
[Round "4"]
[White "Naumkin, Igor"]
[Black "Sermek, Drazen"]
[Result "1-0"]
[WhiteElo "2480"]
[BlackElo "2535"]
[PlyCount "69"]
[EventDate "1996.01.02"]

1. d4 d5 2. c4 dxc4 3. Nf3 c5 4. d5 e6 5. e4 exd5 6. exd5 Nf6 7. Bxc4 Bd6 8.
O-O O-O 9. Nc3 Bg4 10. Bg5 h6 11. Bh4 Nbd7 12. Ne4 Be5 13. Be2 Re8 14. Nxe5
Bxe2 15. Nxf6+ gxf6 16. Qxe2 Nxe5 17. Qh5 Kg7 18. Rad1 Qd7 19. d6 Ng6 20. Bg3
f5 21. Qf3 Re4 22. Rd5 Rae8 23. Rxf5 b6 24. h4 Nxh4 25. Bxh4 Rxh4 26. Qg3+ Kh7
27. Rxf7+ Qxf7 28. Qxh4 Qd5 29. Qf6 h5 30. Rc1 Rg8 31. g3 Re8 32. Kh2 Re4 33.
Rc3 Re1 34. Rf3 a5 35. Qf8 1-0

[Event "III Festival A"]
[Site "Verona ITA"]
[Date "1996.01.??"]
[Round "5"]
[White "Genocchio, Daniele"]
[Black "Rigo, Gianfrancesco"]
[Result "1-0"]
[WhiteElo "1927"]
[BlackElo "2060"]
[PlyCount "41"]
[EventDate "1996.01.02"]

1. e4 e6 2. d4 d5 3. e5 c5 4. Nf3 Nc6 5. c3 Qb6 6. a3 c4 7. g3 Bd7 8. Nbd2 Na5
9. h4 h6 10. Bh3 Be7 11. O-O O-O-O 12. Rb1 Rf8 13. Re1 f5 14. exf6 Bxf6 15. b3
cxb3 16. Nxb3 Nxb3 17. Qxb3 Qc6 18. Bxe6 Bxe6 19. Rxe6 Qxe6 20. Qxb7+ Kd8 21.
Qa8+ 1-0

[Event "III Festival A"]
[Site "Verona ITA"]
[Date "1996.01.??"]
[Round "5"]
[White "Leoncini, Mario"]
[Black "Pegoraro, Nicola"]
[Result "1-0"]
[WhiteElo "2195"]
[BlackElo "1944"]
[PlyCount "29"]
[EventDate "1996.01.02"]

1. e4 c5 2. c3 e5 3. Nf3 Nc6 4. Bc4 Qc7 5. O-O Be7 6. d4 d6 7. dxe5 dxe5 8. h3
h6 9. Nbd2 Qd6 10. Bd5 Bf6 11. Nc4 Qc7 12. Be3 b6 13. Nfxe5 Nge7 14. Nxf7 Nxd5
15. Qxd5 1-0

[Event "III Festival A"]
[Site "Verona ITA"]
[Date "1996.01.??"]
[Round "6"]
[White "Mrdja, Milan"]
[Black "Naumkin, Igor"]
[Result "1-0"]
[WhiteElo "2450"]
[BlackElo "2480"]
[PlyCount "125"]
[EventDate "1996.01.02"]

1. e4 e6 2. d4 d5 3. Nc3 Bb4 4. e5 c5 5. a3 Bxc3+ 6. bxc3 Ne7 7. Nf3 Qa5 8. Bd2
Nbc6 9. Be2 Bd7 10. O-O c4 11. a4 f6 12. Re1 O-O-O 13. Bf1 h6 14. h4 f5 15. h5
g5 16. hxg6 Nxg6 17. Qc1 Kb8 18. g3 Rdg8 19. Bg2 h5 20. Bg5 h4 21. Qd2 hxg3 22.
fxg3 Nd8 23. Kf2 Nf7 24. Bf6 Rh5 25. Rh1 Rxh1 26. Bxh1 Bxa4 27. Nh4 Qb5 28. Bf3
Ngh8 29. Ng2 Qe8 30. Nf4 Bd7 31. Qc1 Qf8 32. Qb2 Nd8 33. Qa2 Nc6 34. Nxd5 exd5
35. Bxd5 a6 36. Qxc4 Rg6 37. Rb1 Ka8 38. Qb3 b5 39. Ra1 Kb7 40. c4 b4 41. Rh1
Rxf6 42. exf6 Qxf6 43. Qxb4+ Kc7 44. Qc5 Ng6 45. Bxc6 Qxc6 46. Qxc6+ Bxc6 47.
Rh7+ Bd7 48. Ke3 a5 49. Rg7 Nf8 50. d5 a4 51. Kd4 a3 52. Re7 a2 53. Re1 Ba4 54.
Ra1 Bxc2 55. Rxa2 Be4 56. Ra7+ Kd8 57. c5 Ng6 58. c6 Ne7 59. Rd7+ Ke8 60. Ke5
Bf3 61. Rd6 Be2 62. c7 Kf7 63. Rd7 1-0

[Event "III Festival A"]
[Site "Verona ITA"]
[Date "1996.01.??"]
[Round "7"]
[White "Di Lazzaro, Gabriele"]
[Black "Leoncini, Mario"]
[Result "0-1"]
[WhiteElo "2100"]
[BlackElo "2195"]
[PlyCount "62"]
[EventDate "1996.01.02"]

1. Nf3 d5 2. g3 Nf6 3. Bg2 e6 4. d4 Be7 5. c4 O-O 6. O-O c6 7. b3 b6 8. Nbd2
Bb7 9. Bb2 Nbd7 10. Re1 Rc8 11. e4 dxe4 12. Nxe4 c5 13. Nfd2 Rc7 14. Qe2 cxd4
15. Bxd4 h6 16. Rad1 Qa8 17. Nxf6+ Nxf6 18. Qe5 Rd7 19. Bxb7 Qxb7 20. Qe3 Rfd8
21. Nf3 Bc5 22. Re2 e5 23. Nxe5 Rxd4 24. Rde1 Rd1 25. Qf4 Bb4 26. Nf3 Bxe1 27.
Nxe1 Re8 28. Rxe8+ Nxe8 29. Qe5 Kf8 30. Qe2 Ra1 31. f3 Qe7 0-1

[Event "III Festival B"]
[Site "Verona ITA"]
[Date "1996.01.??"]
[Round "1"]
[White "La Spina, Marcello"]
[Black "Simeoni, Matteo"]
[Result "1/2-1/2"]
[WhiteElo "1864"]
[BlackElo "1794"]
[PlyCount "42"]
[EventDate "1996.01.02"]

1. e4 c5 2. c3 Nf6 3. e5 Nd5 4. d4 cxd4 5. cxd4 d6 6. Nf3 Nc6 7. exd6 Qxd6 8.
Be2 g6 9. Nc3 Nxc3 10. bxc3 Bg7 11. O-O O-O 12. Be3 b6 13. Qd2 Bb7 14. Bh6 Rfd8
15. Bxg7 Kxg7 16. Rfd1 Rac8 17. c4 Qf6 18. Qe3 e6 19. Rac1 Ne7 20. Ne5 Nf5 21.
Qf4 Nh4 1/2-1/2

[Event "III Festival B"]
[Site "Verona ITA"]
[Date "1996.01.??"]
[Round "2"]
[White "La Spina, Marcello"]
[Black "Ravagnani, Fabrizio"]
[Result "1-0"]
[WhiteElo "1864"]
[BlackElo "1534"]
[PlyCount "52"]
[EventDate "1996.01.02"]

1. e4 c5 2. c3 d5 3. exd5 Qxd5 4. d4 Nc6 5. Nf3 Bg4 6. Be2 cxd4 7. cxd4 e6 8.
O-O Nf6 9. Nc3 Qd8 10. Bg5 Be7 11. Bxf6 Bxf6 12. d5 exd5 13. Nxd5 O-O 14. Qb3
b6 15. Rad1 Be6 16. Bc4 Na5 17. Qb4 Nxc4 18. Qxc4 Kh8 19. b3 Rc8 20. Qe4 Re8
21. Nf4 Qc7 22. Nxe6 Rxe6 23. Qa4 Rc6 24. Rfe1 h6 25. h3 a6 26. Qxa6 Ra8 1-0

[Event "III Festival B"]
[Site "Verona ITA"]
[Date "1996.01.??"]
[Round "3"]
[White "Mastroddi, Emiliano"]
[Black "La Spina, Marcello"]
[Result "0-1"]
[WhiteElo "1762"]
[BlackElo "1864"]
[PlyCount "82"]
[EventDate "1996.01.02"]

1. e4 c6 2. d4 d5 3. exd5 cxd5 4. Bd3 Nf6 5. c3 Nc6 6. Bf4 Bg4 7. Qb3 Qd7 8.
Nd2 e6 9. Ngf3 a6 10. O-O Be7 11. Ne5 Nxe5 12. Bxe5 O-O 13. Qc2 g6 14. Rae1
Rfe8 15. f3 Bf5 16. Bxf5 exf5 17. Bxf6 Bxf6 18. f4 Rxe1 19. Rxe1 Re8 20. Qd1
Rxe1+ 21. Qxe1 Qa4 22. Nf3 Qxa2 23. Ng5 Bxg5 24. fxg5 Qa4 25. Qe7 Qa1+ 26. Kf2
Qxb2+ 27. Kg1 Qc1+ 28. Kf2 Qf4+ 29. Kg1 Qe4 30. Qd8+ Kg7 31. Qf6+ Kf8 32. h3
Qe6 33. Qd8+ Kg7 34. Qc7 b5 35. Qa5 Qe3+ 36. Kh2 Qxg5 37. Qxa6 Qf4+ 38. Kh1
Qc1+ 39. Kh2 Qxc3 40. Qxb5 Qxd4 41. Qe8 Qe4 0-1

[Event "III Festival B"]
[Site "Verona ITA"]
[Date "1996.01.??"]
[Round "4"]
[White "Muha, Zdravko"]
[Black "La Spina, Marcello"]
[Result "1-0"]
[WhiteElo "1875"]
[BlackElo "1864"]
[PlyCount "37"]
[EventDate "1996.01.02"]

1. d4 Nf6 2. Bg5 c5 3. d5 Qb6 4. Nc3 Qxb2 5. Bd2 Qb6 6. e4 d6 7. f4 Nbd7 8. Nf3
g6 9. e5 dxe5 10. fxe5 Ng4 11. Rb1 Qd8 12. e6 fxe6 13. Ng5 Ndf6 14. Bb5+ Bd7
15. Nxe6 Qc8 16. Qe2 a6 17. Bxd7+ Qxd7 18. h4 Nxd5 19. Nxd5 1-0